<?xml version="1.0" encoding="UTF-8"?>
<collection xmlns="http://www.loc.gov/MARC21/slim">
  <record>
    <leader>00000nam  2200000   4500</leader>
    <controlfield tag="001">INLIS000000000005713</controlfield>
    <controlfield tag="005">20190904101444</controlfield>
    <datafield tag="035" ind1="#" ind2="#">
      <subfield code="a">0010-0919000008</subfield>
    </datafield>
    <controlfield tag="007">ta</controlfield>
    <controlfield tag="008">190904################g##########0#ind##</controlfield>
    <datafield tag="082" ind1="#" ind2="#">
      <subfield code="a">297.06</subfield>
    </datafield>
    <datafield tag="084" ind1="#" ind2="#">
      <subfield code="a">297.06 Har m</subfield>
    </datafield>
    <datafield tag="100" ind1=" " ind2="#">
      <subfield code="a">Harun, Lukman</subfield>
    </datafield>
    <datafield tag="245" ind1="1" ind2="#">
      <subfield code="a">Muhammadiyah dan Undang-Undang Pendidikan /</subfield>
      <subfield code="c">Lukman Harun</subfield>
    </datafield>
    <datafield tag="260" ind1="#" ind2="#">
      <subfield code="a">Jakarta :</subfield>
      <subfield code="b">Pustaka Panjimas,</subfield>
      <subfield code="c">1990</subfield>
    </datafield>
    <datafield tag="300" ind1="#" ind2="#">
      <subfield code="a">161 hlm. :</subfield>
      <subfield code="b">ilus ;</subfield>
      <subfield code="c">19 cm</subfield>
    </datafield>
    <datafield tag="650" ind1="#" ind2="#">
      <subfield code="a">Muhammadiyah, Undang-Undang Pendidikan</subfield>
    </datafield>
    <datafield tag="520" ind1="#" ind2="#">
      <subfield code="a">Lagi sebuah buku tentang keterlibatan Muhammadiyah dalam percaturan politik. Kendati bukan parpol dan tidak punya wakil di DPR, Muhammadiyah yang bergerak dibidang kemasyarakatan dan pendidikan Islam berperan aktif dalam penyusunan Undang-Undang, antara lain UU Keormasan no. 8 tahun 1985,  UU Pendidikan no.2 tahun 1989 dan UU Peradilan Agama. Lukman Harun dalam buku ini menguraikan perjuangan Muhammadiyah memasukkan pendidikan agama dalam UU Pendidikan Nasional. Dilaengkapi dengan dokulmentasi, klipping koran dan foto-foto dokumenter. Sebuah buku perjuangan Muhammadiyah dalam memasukkan pendidikan agama pada UUPN merupakan bukti sejarah serta contoh kegigihan perjuangan organisasi sosial, pendidikan dan kemasyarakatan. Buku ini cukup representatif untuk dibaca.</subfield>
    </datafield>
    <datafield tag="856" ind1="#" ind2="#">
      <subfield code="a">Perpustakaan Lembaga Administrasi Negara</subfield>
    </datafield>
    <datafield tag="990" ind1="#" ind2="#">
      <subfield code="a">080218979</subfield>
    </datafield>
  </record>
</collection>
